Economía Industrial : un enfoque estratégico

Bibliographic Details
Main Authors: Fernandez de Castro, Juan, Duch Brown, Néstor
Format: Section = Libro
Language:Undetermined
Spanish
Published: México McGraw-Hill 2003
Subjects:
LEADER 00726nam a2200265Ia 4500
008 240830s9999 xx 000 0 und d
020 |a 84-481-3893-7 
040 |a B-ESTELÍ- RUACS / 338 F363 
041 |a spa 
082 |a 338 F363 
100 1 |a Fernandez de Castro, Juan 
100 1 |b  Duch Brown, Néstor 
245 1 0 |a Economía Industrial : un enfoque estratégico 
260 |a México  |b McGraw-Hill  |c 2003 
300 |a 232 p. :il 
650 7 |a ECONOMIA - INDUSTRIAL 
650 7 |b  MONOPOLIO 
650 7 |c  FRANQUICIAS 
650 7 |d  OLIGOPOLIO/COMERCIO INTERNACIONAL 
650 7 |e  ORGANIZACION INDUSTRIAL 
650 7 |f  PATENTES 
650 7 |g  INNOVACIÓN. 
942 |c BK  |2 ddc 
991 |a TEXTO 
999 |c 10773